书目信息 |
| 题名: |
我的前半生
|
|
| 作者: | 爱新觉罗·溥仪 著 | |
| 分册: | ||
| 出版信息: | 北京 群众出版社 2013.01 |
|
| 页数: | 526页 | |
| 开本: | 25cm | |
| 丛书名: | ||
| 单 册: | ||
| 中图分类: | K827=72 | |
| 科图分类: | ||
| 主题词: | ||
| 电子资源: | ||
| ISBN: | 978-7-5014-5015-2 | |
| 000 | 00893nam0 2200253 450 | |
| 001 | 0000500024144 | |
| 005 | 20130504093330.71 | |
| 010 | @a978-7-5014-5015-2@dCNY98.00 | |
| 010 | @a978-7-5014-5104-3@dCNY400.00(全5册) | |
| 100 | @a20130304d2013 em y0chiy50 ea | |
| 101 | 0 | @achi |
| 102 | @aCN@b110000 | |
| 105 | @ay z 000yd | |
| 106 | @ar | |
| 200 | 1 | @a我的前半生@9wo de qian ban sheng@e批校本@e朱版套印@f爱新觉罗·溥仪著 |
| 210 | @a北京@c群众出版社@d2013.01 | |
| 215 | @a526页@d25cm | |
| 330 | @a本书共分为十四章,主要内容包括:我的家世(1859-1908);我的童年(1908-1917);“小朝廷”(1917-1924);日本租界里的寓公(1924-1930)等。 | |
| 600 | 0 | @a爱新觉罗·溥仪@f(1909-1967)@x回忆录 |
| 600 | 0 | @a爱新觉罗·溥仪@f(1909-1967) |
| 690 | @aK827=72@v5 | |
| 701 | 0 | @a爱新觉罗·溥仪@9ai xin jue luo · pu yi@4著 |
| 801 | 0 | @aCN@b人天书店@c20130304 |
| 905 | @b542627-31@dK827=72@e125PY@f5 | |
| 我的前半生:批校本:朱版套印/爱新觉罗·溥仪著.-北京:群众出版社,2013.01 |
| 526页;25cm |
| ISBN 978-7-5014-5015-2:CNY98.00 |
| 本书共分为十四章,主要内容包括:我的家世(1859-1908);我的童年(1908-1917);“小朝廷”(1917-1924);日本租界里的寓公(1924-1930)等。 |
| ● |
| 相关链接 |
|
|
|
|
正题名:我的前半生
索取号:K827=72/125PY
 
预约/预借
| 序号 | 登录号 | 条形码 | 馆藏地/架位号 | 状态 | 备注 |
| 1 | 542627 | 205426270 | 第二样本阅览室/ [索取号:K827=72/125PY] | 在馆 | |
| 2 | 542628 | 205426289 | 第二借阅区/ [索取号:K827=72/125PY] | 在馆 | |
| 3 | 542629 | 205426298 | 第二借阅区/ [索取号:K827=72/125PY] | 在馆 | |
| 4 | 542630 | 205426305 | 密集书库-史法系/ [索取号:K827=72/125PY] | 在馆 | |
| 5 | 542631 | 205426314 | 史法系资料室/ [索取号:K827=72/125PY] | 在馆 |